LDR 01680naa#a2200229#i#450# 001 RU\\bibl\123364 005 20260705144702.7 011 ## _a1994-4683 100 ## _a20260705b2026####ek#y0rusy0150####ca 102 ## _aRU 200 1# _aДИАГНОСТИКА ПРОФЕССИОНАЛЬНОГО ЗДОРОВЬЯ СТУДЕНТА ФАКУЛЬТЕТА ЛЕТНОЙ ЭКСПЛУАТАЦИИ _eЖурнальная статья 210 1# _aМосква _cНациональный государственный Университет физической культуры, спорта и здоровья им. П.Ф. Лесгафта _d2026 215 ## _a3 с. 608 ## _aЖурнальная статья _2local 675 ## _aВиды занятий спортом Биографии отдельных спортсменов обозначать с помощью :929А/Я Дальнейшее подразделение с помощью общ. опр. лиц -05 Выполнение спортивных функций отдельными спортсменами,спортивными кадрами обозначать присоединением к основному индексу спец.опр. .065.2 и .065.4, например,. 796.07 _z 700 #1 _aВолкова _gЛюдмила Михайловна 700 #1 _aДементьев _gКонстантин Николаевич 700 #1 _aПристав _gОксана Викторовна 700 #1 _aРогожников _gМаксим Алексеевич 700 #1 _aПосошков _gИгорь Дмитриевич 700 #1 _aДемеш _gВладимир Павлович 856 4# _auchzapiski.lesgaft.spb.ru _u